Propuesta de aplicación de los principios y técnicas de la archivística general en el archivo municipal de Valladolid / José Benito Maestro Bernal
Descripción Física:
187 p. ; 24 cm
Materias:
Arxivística
MARC
| LEADER | 00000nam a2200000Ia 4500 | ||
|---|---|---|---|
| 001 | 9783 | ||
| 008 | 160829s1992 xx 000 0 cat d | ||
| 080 | |a A-1-266 | ||
| 100 | |a Maestro Bernal, José Benito |9 23697 | ||
| 245 | |a Propuesta de aplicación de los principios y técnicas de la archivística general en el archivo municipal de Valladolid / José Benito Maestro Bernal | ||
| 260 | |a Valladolid : |b Ayuntamiento de Valladolid, |c 1992 | ||
| 300 | |a 187 p. ; |c 24 cm | ||
| 650 | |a Arxivística |9 36557 | ||
| 710 | 1 | |a Valladolid (Castella i Lleó). |b Ayuntamiento |9 55434 | |
| 901 | |a Arxiu | ||
| 942 | |n 1 | ||
| 952 | |0 0 |1 0 |4 0 |6 A1266 |7 1 |9 42812 |a Arxiu |b Arxiu |d 2016-12-01 |l 0 |o A-1-266 |p 9783 |r 2016-12-01 00:00:00 |w 2016-12-01 |y ARXIU | ||
| 999 | |c 45318 |d 45318 | ||